000 00613nam a22001817a 4500
003 OSt
005 20251120111444.0
008 251120b |||||||| |||| 00| 0 eng d
020 _a 971-93764-6-0.
040 _aDWCL-Admin lib
_cOC
082 _aFil. 370 L698 2010
100 _aBarbacena, Cherrypyn B.
245 _aLicensure examination for teachers : LET reviewer for topnotchers (Elementary level) /
_cCherrypyn B. Barbacena
260 _aManila :
_bMET Review center ,
_cc2010
300 _a298 p. : ill. ;
_c26 cm.
650 _a1. Education-Examinations,questions, etc.
942 _2ddc
_cBK - FIL
_kFil.
_n0
999 _c5863
_d5863